Landen met een Letter - M - Statistieken

Algemene statistieken
  • Deze quiz is 219 keer genomen
  • De gemiddelde score is 38 van 50
Antwoordstatistieken
Categorie Land % Correct
1 x M Montenegro
91%
1 x M Mali
88%
1 x M Mauritanië
88%
1 x M Madagaskar
86%
1 x M Marokko
86%
1 x M Moldavië
86%
1 x M Monaco
86%
1 x M Mongolië
86%
1 x M Mauritius
84%
1 x M Mexico
84%
2 x M Mozambique
84%
1 x M Noord-Macedonië
84%
1 x M Malta
81%
1 x M Marshalleilanden
81%
1 x M Gambia
79%
1 x M Maleisië
79%
1 x M Colombia
77%
1 x M Jemen
77%
1 x M Namibië
77%
1 x M Zambia
77%
1 x M Democratische Republiek Congo
74%
1 x M Dominicaanse Republiek
74%
1 x M Malawi
74%
1 x M Maldiven
74%
1 x M Micronesia
74%
1 x M Oman
74%
1 x M Panama
74%
1 x M San Marino
74%
1 x M Somalië
74%
1 x M Armenië
72%
1 x M Cambodja
72%
1 x M Kameroen
72%
2 x M Myanmar
72%
1 x M Suriname
72%
1 x M Zimbabwe
72%
1 x M Bahama's
70%
1 x M Comoren
70%
1 x M Denemarken
70%
1 x M Dominica
70%
1 x M Guatemala
70%
1 x M Jamaica
70%
1 x M Roemenië
70%
1 x M Turkmenistan
70%
1 x M Verenigde Arabische Emiraten
70%
1 x M Samoa
67%
1 x M Sao Tomé en Principe
67%
1 x M Salomonseilanden
65%
1 x M Vietnam
65%
1 x M Luxemburg
63%
1 x M Oost-Timor
58%
Geen overeenkomende quizzen gevonden
Scoreverdeling
Procent van Mensen met Elke Score
Percentiel versus Aantal Correcte Antwoorden
Uw Scoregeschiedenis
U heeft deze quiz nog niet genomen